[Event "Tenerife-chT Preferente"]
[Site "Tenerife"]
[Date "2022.04.30"]
[Round "10.3"]
[White "Amador Garcia, Ismael"]
[Black "Jorquera Fuentes, Hugo Samuel"]
[Result "1/2-1/2"]
[WhiteElo "2127"]
[BlackElo "1916"]
[PlyCount "110"]
[EventDate "2022.01.29"]
[EventType "team-tourn"]
[EventRounds "14"]
[EventCountry "ESP"]
[SourceTitle "EXT 2024"]
[Source "ChessBase"]
[SourceDate "2023.10.10"]
[SourceVersion "1"]
[SourceVersionDate "2023.10.10"]
[SourceQuality "1"]
[WhiteTeam "Ebano Barrio Nuevo"]
[BlackTeam "Al Shah Mat Los Realejos"]
[WhiteTeamCountry "ESP"]
[BlackTeamCountry "ESP"]

1. e4 d5 2. exd5 Nf6 3. Bb5+ Bd7 4. Bc4 Bg4 5. f3 Bc8 6. Nc3 Nbd7 7. d4 Nb6 8. Bb3 a5 9. a4 Nbxd5 10. Nge2 Bf5 11. Nxd5 Nxd5 12. 0-0 e6 13. Ng3 Bg6 14. f4 Qd7 15. f5 exf5 16. Qf3 0-0-0 17. Nxf5 Ne7 18. Nxe7+ Bxe7 19. c3 Rhe8 20. Bf4 f6 21. Rae1 Bd6 22. Bxd6 Qxd6 23. Qg4+ Kb8 24. Bc4 Rxe1 25. Rxe1 Qd7 26. Qxd7 Rxd7 27. Kf2 c6 28. Kf3 Bc2 29. b3 Kc7 30. Kf4 Kd8 31. Re2 Bd1 32. Re1 Bc2 33. Re2 Bd1 34. Rd2 Bh5 35. g4 Bg6 36. Be6 Re7 37. d5 cxd5 38. Bxd5 Kc7 39. Bf3 Bb1 40. h4 h6 41. Rd5 g5+ 42. hxg5 hxg5+ 43. Kg3 Re3 44. Rc5+ Kd6 45. Rc4 Bc2 46. Kf2 Re7 47. Rd4+ Kc7 48. b4 axb4 49. Rxb4 Kb8 50. Rb6 Ka7 51. Rxf6 Bxa4 52. Rg6 Re5 53. Rg8 b5 54. c4 Kb6 55. Rb8+ Kc5 1/2-1/2

[Event "Tenerife-chT Preferente"]
[Site "Tenerife"]
[Date "2022.02.19"]
[Round "4.3"]
[White "Amador Garcia, Ismael"]
[Black "Rodriguez Redondo, Adhara"]
[Result "0-1"]
[WhiteElo "2127"]
[BlackElo "2112"]
[PlyCount "46"]
[EventDate "2022.01.29"]
[EventType "team-tourn"]
[EventRounds "14"]
[EventCountry "ESP"]
[SourceTitle "EXT 2024"]
[Source "ChessBase"]
[SourceDate "2023.10.10"]
[SourceVersion "1"]
[SourceVersionDate "2023.10.10"]
[SourceQuality "1"]
[WhiteTeam "Ebano Barrio Nuevo"]
[BlackTeam "Fundacion La Caja de Canarias"]
[WhiteTeamCountry "ESP"]
[BlackTeamCountry "ESP"]

1. e4 e5 2. Nf3 Nc6 3. Bb5 Nf6 4. d3 Bc5 5. c3 0-0 6. 0-0 Re8 7. Nbd2 a6 8. Bxc6 bxc6 9. d4 exd4 10. cxd4 Bf8 11. Qc2 Rb8 12. Re1 Qe7 13. a3 Nh5 14. e5 Nf4 15. Ne4 Ng6 16. Qc3 Bb7 17. Nc5 Qd8 18. Bg5 Qc8 19. h3 h5 20. b4 d6 21. exd6 cxd6 22. Rxe8 Qxe8 23. Nxb7 Rxb7 0-1

[Event "ESP-ch 86th"]
[Site "Linares"]
[Date "2021.08.19"]
[Round "4"]
[White "Merario Alarcon, Andres"]
[Black "Amador Garcia, Ismael"]
[Result "1-0"]
[WhiteElo "2417"]
[BlackElo "2222"]
[PlyCount "81"]
[EventDate "2021.08.16"]
[EventType "swiss"]
[EventRounds "9"]
[EventCountry "ESP"]
[SourceTitle "CBM 204 Extra"]
[Source "ChessBase"]
[SourceDate "2021.11.30"]
[SourceVersion "1"]
[SourceVersionDate "2021.11.30"]
[SourceQuality "1"]

1. Nf3 Nf6 2. b3 g6 3. Bb2 Bg7 4. g3 0-0 5. Bg2 d6 6. d4 c6 7. 0-0 Nbd7 8. Re1 Ne4 9. Nfd2 Nxd2 10. Nxd2 d5 11. e4 dxe4 12. Nxe4 Nf6 13. Nc5 Re8 14. Qe2 Qc7 15. h3 Bf5 16. Rad1 h5 17. c4 Rad8 18. Nd3 Qc8 19. Kh2 Qc7 20. Ne5 Nd7 21. Nf3 Nf6 22. Nh4 Bc8 23. f4 Qa5 24. Qc2 Qc7 25. Re3 e6 26. Nf3 c5 27. Red3 cxd4 28. Bxd4 Nd7 29. Bxg7 Kxg7 30. Qd2 f6 31. Rd6 Kf7 32. g4 hxg4 33. hxg4 Qc5 34. g5 Rh8+ 35. Kg3 Rh5 36. Qd4 Qf5 37. Qd3 Nc5 38. Qxf5 gxf5 39. Ne5+ fxe5 40. Rxd8 exf4+ 41. Kf2 1-0